Datum a čas kvízu
26.5
Celkem bodů
Celkový počet nahraných bodů na tomto kvízu bez doplňovacích otázek.
3.
Pořadí na kvízu
Konečné umístění týmu na tomto kvízu.
Zaznamenané odpovědi
| # | Otázka | Odpověď | Body | Výsledky |
|---|---|---|---|---|
| 1. | V posledních týdnech se do Čes... | spalničky | 0 | |
| 2. | Záchranáři v úterý ráno pomocí... | Rakousko, Grossglockner | 0.5 | |
| 3. | V přepočtu asi 40 milionů koru... | The Beatles | 1 | |
| 4. | V sobotu začal čínský nový rok... | znamení Draka | 1 | |
| 5. | Který útočník minulý týden dok... | Martin Nečas. | 1 | |
| 6. | Vítězné téma facebookového hla... | 1B 2D 3C 4A | 0 | |
| 7. | Dne 4. ledna 1997 došlo ke sňa... | Havel, Veškrnová | 0 | |
| 8. | Devadesátkovou klasikou je fil... | Fuck Off Guys Good Day | 0 | |
| 9. | V roce 1994 vyšel první díl he... | Tekken | 1 | |
| 10. | Ke které obci se v souvislosti... | Drnovice | 0 |